logo

Bir Sreshtho Munshi Abdur Rouf Library
Jhenaidah Cadet College

গয়নার বাক্স / (Record no. 12805)

MARC details
000 -LEADER
fixed length control field 00780nam a2200229 a 4500
001 - CONTROL NUMBER
JCCL Control Number 12805
003 - CONTROL NUMBER IDENTIFIER
JCCL marc code BD-JhCC
005 - DATE AND TIME OF LATEST TRANSACTION
control field 20230514194555.0
008 - FIXED-LENGTH DATA ELEMENTS--GENERAL INFORMATION
fixed length control field 230514b2016 ii |||| ||a| 00| 0 ben d
020 ## - INTERNATIONAL STANDARD BOOK NUMBER
International Standard Book Number 8170664691
035 ## - SYSTEM CONTROL NUMBER
system control number (BD-JhCC)12805
040 ## - CATALOGING SOURCE
Original cataloging agency BD-JhCC
Modifying agency BD-JhCC
041 ## - LANGUAGE CODE
Language code of Book Bengali
082 ## - DEWEY DECIMAL CLASSIFICATION NUMBER
Classification number 891.443
Author mark and Year MUK 2016
100 ## - MAIN ENTRY--PERSONAL NAME
Personal name মুখোপাধ্যায়, শীর্ষেন্দু
245 ## - TITLE STATEMENT
Title গয়নার বাক্স /
Statement of responsibility, etc শীর্ষেন্দু মুখোপাধ্যায় ।
260 ## - PUBLICATION, DISTRIBUTION, ETC. (IMPRINT)
Place of publication, distribution, etc কলকতা:
Name of publisher, distributor, etc আনন্দ পাবলিশার্স প্রাইভেট ‍লিমিটেড;
Date of publication, distribution, etc ২০১৬.
300 ## - PHYSICAL DESCRIPTION
Pagination 121 p. :
Dimensions 22 cm.
650 ## - SUBJECT ADDED ENTRY--TOPICAL TERM
Topical term or geographic name as entry element Novel
942 ## - ADDED ENTRY ELEMENTS (KOHA)
Source of classification or shelving scheme Dewey Decimal Classification
Koha item type Books
Holdings
Source of classification or shelving scheme Damaged status Not for loan Home library Current library Shelving location Date of accession Cost, normal purchase price Total Checkouts Full call number Barcode Date last seen Date checked out Copy number Method of acquisition Koha item type Currency
Dewey Decimal Classification     JCC Rouf Library JCC Rouf Library General Stacks 05/14/2023 250.00 1 891.443 MUK 2016 17643 05/29/2024 05/13/2024 C-1 Purchase Books BDT

JCC Library | Contacts | JCC Home

Last Update on 23 September 2017
Copyright @ 2017-2020 JCC Rouf Library
Rouf Library, Jhenidah Cadet College (JCC), Bangladesh